000 00623nam a2200217Ia 4500
003 OSt
005 20220923211949.0
006 a|||||r|||| 00| 0
007 ta
008 220922b |||||||| |||| 00| 0 hin d
024 _a75,643
037 _cTextual
040 _aARTS
_cARTS
_bhin
041 _2hin
_ahin
082 _aR65,6, 152N4.1-.2
245 0 _aश्रीमद्भगवद्गीता
_b आधुनिक युग आधार
246 _aShrīmadbhagavadgītā: ādhunik yug ādhāra
260 _c1994
942 _hR65,6, 152N4.1-.2
_cTEXL
_2CC
999 _c304988
_d304988